| 000 | 00702nam a22002297a 4500 | ||
|---|---|---|---|
| 999 |
_c189238 _d189238 |
||
| 005 | 20220623101532.0 | ||
| 010 | _avivek | ||
| 020 | _a9788131238592 | ||
| 020 | _a9788131228104 | ||
| 037 | _bReed Elsevier India Private limited. | ||
| 100 | _aVinay kumar | ||
| 245 |
_aRobbins & Cotran: Pathologic Basis of Disease/ _bVinay kumar |
||
| 260 |
_aNew Delhi _bReed Elsevier India Private Limited. _c2014 |
||
| 270 |
_a818, Indraprakash Building 21, Barakhamba Road _bNew Delhi _e110001 |
||
| 300 |
_axx,1391p. _bill. _c27cm(Pb). |
||
| 300 | _a27cm. | ||
| 490 | _vvolume 1 & 2 | ||
| 500 | _aindex | ||
| 700 | _aAbul K. Abbas | ||
| 700 | _aJon C. Aster | ||
| 942 |
_2ddc _cEN _eRestricted Edition _kABB |
||